The call of the wild (Record no. 9077)

MARC details
000 -LEADER
fixed length control field 00826nam a22002177a 4500
003 - CONTROL NUMBER IDENTIFIER
control field OSt
005 - DATE AND TIME OF LATEST TRANSACTION
control field 20260313010131.0
008 - FIXED-LENGTH DATA ELEMENTS--GENERAL INFORMATION
fixed length control field 260313b |||||||| |||| 00| 0 eng d
020 ## - INTERNATIONAL STANDARD BOOK NUMBER
International Standard Book Number 0-689-85674-1
040 ## - CATALOGING SOURCE
Original cataloging agency DWCL GS lib
Transcribing agency OC
082 ## - DEWEY DECIMAL CLASSIFICATION NUMBER
Classification number L847 1994
100 ## - MAIN ENTRY--PERSONAL NAME
Personal name LONDON, JACK
245 ## - TITLE STATEMENT
Title The call of the wild
Statement of responsibility, etc. JACK LONDON
260 ## - PUBLICATION, DISTRIBUTION, ETC.
Place of publication, distribution, etc. New York
Name of publisher, distributor, etc. Aladin Paperbacks
Date of publication, distribution, etc. 1994
300 ## - PHYSICAL DESCRIPTION
Extent 139 p
Dimensions 20cm
520 ## - SUMMARY, ETC.
Summary, etc. Buck, a pampered dog kidnapped from California and sold as a sled dog during the Klondike Gold Rush.
650 ## - SUBJECT ADDED ENTRY--TOPICAL TERM
Topical term or geographic name entry element stolen from his comfortable California home and sold as a sled dog in the Yukon during the 1890s Klondike Gold Rush.
650 ## - SUBJECT ADDED ENTRY--TOPICAL TERM
Topical term or geographic name entry element survival requires adapting to harsh realities by embracing one's inner instincts, tenacity, and strength.
700 ## - ADDED ENTRY--PERSONAL NAME
Personal name JACK LONDON
942 ## - ADDED ENTRY ELEMENTS (KOHA)
Source of classification or shelving scheme Dewey Decimal Classification
Koha item type Fiction
Suppress in OPAC No

No items available.